000 00340nam a2200133Ia 4500
005 20260328101530.0
008 260328s9999||||xx |||||||||||||| ||und||
100 _aGregotti, Vittorio
245 0 _aEl Territorio de la Arquitectura /
_cVittorio Gregotti
260 _bGustavo Gili
300 _a209 p.
650 _aARQUITECTURA
942 _cBK
999 _c9940
_d9940